Estadísticas para Socios Comerciales más Grandes- Reino Unido

Haz click aquí para intentar la prueba.

Estadísticas generales

  • Esta prueba ha sido intentada 153 veces
  • La puntuación promedio es 16 de 19

Estadísticas de respuestas

ExportacionesImportacionesPaís% Correcto
60.459.1Estados Unidos
99%
43.886.5Alemania
98%
26.133.3Francia
98%
12.721.7España
97%
13.123.3Italia
95%
6.1513.6Canadá
94%
26.866.6China
92%
6.3512.4Japón
89%
6.12Suecia
88%
22.917.6Irlanda
87%
17.3Noruega
87%
25.546.4Países Bajos
86%
15.831.5Bélgica
84%
18.928.6Suiza
83%
12.3Polonia
80%
6.0212.0Turquía
74%
9.72Sudáfrica
57%
8.97Emiratos Árabes
Unidos
42%
6.11Singapur
38%

Distribución de puntuación

Porcentaje por número respondido

Porcentaje de gente con cada puntuación

Historial de tus puntuaciones

No has intentado esta prueba.